00954nam a2200277 a 450000500170000000800410001702000150005804000250007304100080009804400070010608200170011310000180013024501450014826000780029330000680037149000320043965000230047165000260049465000250052065000120054565000120055765000270056970000270059670000270062370000260065020180803165429.0160311b2009 -cnad gr|||| 00| 0 eng d a9292251376 aCO-BoIAVHcCO-BoIAVH0 aeng ack04a333.75bT46f1 aThompson, Ian10aForest resilience, biodiversity, and climate change:ba synthesis of the biodiversity/Resilience/Stability relationship in forest ecosystems aMontreal :bSecretariat of the Convention on Biological Diversity,c2009. a66 páginas :bilustraciones y tablas ;c28 x 22 centímetros0 aCBD Technical Series ; v43 6aCambio climático 4aDiversidad genética 6aResiliencia forestal 6aBosques 6aBiomasa 6aEcosistemas forestales1 aMackey, Brendaneautor1 aMcNulty, Steveneautor1 aMosseler, Alexeautor